000 00693nam a2200229 i 4500
001 bgj
100 1 _aBYGRAVE, Jonathan
245 1 0 _aSky :
_bactivity book /
_cJonathan Bygrave, Brian Abbs, Ingrid Freebairn ; Piotr Steinbrich.
260 _aHarlow, Essex :
_bLongman,
_c2005.
300 _a111 pp :
_bill. ;
_c30 cm.
650 9 _aEnglish language
_xPrimary schools
655 _aTextbooks for foreigners
700 1 _aABBS, Brian.
_eco-author
700 1 _aFREEBAIRN, Ingrid.
_eco-author
700 1 _aSTEIBRICH, Piotr.
_eco-author
020 _a0582838517
040 _cBPK
041 0 _aeng
920 _a0-582-83851-7
942 _cKS
008 s uk f |000 0 eng
999 _c49016
_d49016
856 _uhttp://koha.tu.koszalin.pl/cgi-bin/koha/opac-detail.pl?biblionumber=49016
_yKatalog online BPK